Yakko's World - All Regions In Order - Statistics

General Stats
  • This quiz has been taken 21 times
  • The average score is 76 of 160
Answer Stats
Epic Title % Correct
United States
100%
Canada
94%
Mexico
94%
Panama
88%
Peru
88%
Jamaica
81%
Caribbean
75%
Haiti
75%
Cuba
69%
Republic Dominican
69%
El Salvador
63%
Greenland
63%
Puerto Rico
63%
Argentina
56%
Belize
56%
Bolivia
56%
Brazil
56%
Chile
56%
Colombia
56%
Costa Rica
56%
Czechoslovakia
56%
Ecuador
56%
Finland
56%
Germany (now in one piece)
56%
Greece
56%
GuAaAaAmMm
56%
Guatemala
56%
Guyana
56%
Honduras
56%
Iceland
56%
Italy
56%
Nicaragua
56%
Norway
56%
Paraguay
56%
San Juan
56%
Sweden
56%
Tobago
56%
Turkey
56%
Uruguay
56%
Venezuela
56%
Afghanistan
50%
Albania
50%
Asia?????!!!!!
50%
Austria
50%
Bahamas
50%
Bahrain
50%
Barbados
50%
Bermuda
50%
Bhutan
50%
Borneo
50%
Both Yemens
50%
Burma
50%
China
50%
Cyprus
50%
Denmark
50%
England
50%
France
50%
French Guiana
50%
Hungary
50%
India
50%
Iran
50%
Iraq
50%
Ireland
50%
Israel
50%
Japan
50%
Jordan
50%
Kampuchea
50%
Korea
50%
Kuwait
50%
Laos
50%
Malaysia
50%
Nepal
50%
Oman
50%
Pakistan
50%
Poland
50%
Portugal
50%
Romania
50%
(Russia) Сплотила навеки Великая Русь.Да здравствует созданный волей народов Единый, могучий Советский Союз!
50%
Saudi Arabia
50%
Scotland
50%
Spain
50%
Switzerland
50%
Thailand
50%
The Netherlands
50%
Vietnam
50%
Algeria
44%
Bangladesh
44%
Belgium
44%
BOTSWANAAAAAAA
44%
Bulgaria
44%
Burundi
44%
Djibouti
44%
Gambia
44%
GHANAAAAAAAAAAAAAAAAAAAAAA
44%
Guinea
44%
Indonesia
44%
Lebanon
44%
Lesotho
44%
Luxembourg
44%
Malawi
44%
Mongolia
44%
Mozambique
44%
New Guinea
44%
New Zealand
44%
Sri Lanka
44%
Sumatra
44%
Suriname
44%
Syria
44%
Taiwan (-50,000 social credit)
44%
The Spanish Sahara (is gone)
44%
Tibet
44%
Togo
44%
Algiers
38%
Angola
38%
Benin
38%
Cameroon
38%
Chad
38%
Congo
38%
Dahomey
38%
Egypt
38%
Ethiopia
38%
Gabon
38%
Guinea-Bissau
38%
Kenya
38%
Liberia
38%
Libya
38%
Mali
38%
Morocco
38%
Namibia
38%
Niger
38%
Nigeria
38%
Senegal
38%
Sierra Leone
38%
Somalia
38%
Swaziland
38%
Tanzania
38%
The Philippine Islands
38%
Tunisia
38%
Uganda
38%
Zaire
38%
Zambia
38%
Zimbabwe
38%
Abu Dhabi
31%
Australia
31%
Cayman
31%
Crete
31%
Fiji
31%
Hong Kong
31%
Liechtenstein
31%
Madagascar
31%
Monaco
31%
Palestine
31%
Qatar
31%
Rwanda
31%
Sudan
31%
Transylvania
31%
Yugoslavia
31%
Malta
25%
Mauritania
25%
Mahore
19%
No matching quizzes found
Score Distribution
Percent of People with Each Score
Percentile by Number Answered
Your Score History
You have not taken this quiz